000 00517nam a22002177a 4500
003 OSt
005 20140310182832.0
008 130604t xxu||||| |||| 00| 0 eng d
020 _a971270730x
050 _aQC 21
_b.W746 1997
082 _aM 530
_bW69 1997
245 _aPhysics
_cWilson, Jerry D.
260 _aNew Jersey
_bPrentice Hall
_c1997
300 _a958 p.
521 _acollege students
526 _c1210L-1700L
541 _j1
541 _j2
562 _e2
942 _2lcc
_cBK
_kM
999 _c16668
_d16668